Meghalt Komócsin Zoltán (1923-1974)
Elmentve itt :
| Dokumentumtípus: | Cikk |
|---|---|
| Megjelent: |
1974-05-29
|
| Sorozat: | Délmagyarország
64 No. 123 |
| Kulcsszavak: | Komócsin Zoltán |
| Online Access: | http://dmarchiv.bibl.u-szeged.hu/96055 |
| LEADER | 00410nab a2200145 i 4500 | ||
|---|---|---|---|
| 001 | delm96055 | ||
| 005 | 20190415102342.0 | ||
| 008 | 190415s1974 hu o 0|| hun d | ||
| 040 | |a SZTE Délmagyarország Archívum |b hun | ||
| 041 | |a hun | ||
| 245 | 0 | 0 | |a Meghalt Komócsin Zoltán (1923-1974) |h [elektronikus dokumentum] |
| 260 | |c 1974-05-29 | ||
| 300 | |a 3 | ||
| 490 | 0 | |a Délmagyarország |v 64 No. 123 | |
| 695 | |a Komócsin Zoltán | ||